000 00759cam a2200265 4500500
005 20260329002840.0
041 _afre
042 _adc
100 1 0 _aPortevin, Catherine
_eauthor
245 0 0 _aVers la cohabitation: Judéité et critique du sionisme
260 _c2013.
500 _a53
690 _aEdward Said
690 _aExil
690 _aHannah Arendt
690 _aIsraël
690 _aJudéïté
690 _aJudith Butler
690 _aMahmoud Darwich
690 _aMartin Buber
690 _aNation
690 _aPalestine
786 0 _nPhilosophie magazine | 75 | 12 | 2013-12-01 | p. 64-64 | 1951-1787
856 4 1 _uhttps://shs.cairn.info/magazine-philosophie-magazine-2013-12-page-64?lang=fr&redirect-ssocas=7080
999 _c1818958
_d1818958